| 000 | 00473nam a22001811i 4500 | ||
|---|---|---|---|
| 001 | bimo0001553698 | ||
| 003 | OSt | ||
| 005 | 20130619102409.0 | ||
| 008 | 000401s1950 ag spa | ||
| 040 |
_aSpMaBN _bspa _cBMC |
||
| 082 | _a864.56 | ||
| 100 |
_aVela, Fernando _d1888-1966 _9889 |
||
| 245 | 1 | 3 |
_aEl grano de pimienta _cFernando Vela |
| 260 | 0 |
_aBuenos Aires _bEspasa-Calpe Argentina _c1950 |
|
| 300 |
_a179 p. _c18 cm |
||
| 490 | 0 |
_aAustral _v984 |
|
| 942 |
_2ddc _cBK |
||
| 999 |
_c859 _d859 |
||